| 000 | 00988nam a22002894i 4500 | ||
|---|---|---|---|
| 999 |
_c135938 _d135938 |
||
| 001 | 991061522990606706 | ||
| 003 | ES-BaBAB | ||
| 005 | 20260410163536.0 | ||
| 008 | 251120e202511 spc | |||| 001 0 cat|c | ||
| 017 |
_aDL B 16448-2025 _bBiblioteca de Catalunya |
||
| 020 | _a9788412999730 | ||
| 040 |
_aES-BaBAB _bcat _erda _cES-BaBAB |
||
| 041 | 0 | _acat | |
| 080 | _a323.17(460.23) | ||
| 100 | 1 |
_aMuñoz i Lloret, Josep M. _d1959- _eautor _9174206 |
|
| 245 | 1 | 4 |
_aUna recança infinita : _bmig segle de política catalana, 1975-2025 / Josep M. Muñoz |
| 250 | _aPrimera edició | ||
| 264 | 1 |
_aBarcelona : _bArcàdia, _cnovembre del 2025 |
|
| 300 |
_a299 pàgines ; _c20 cm |
||
| 336 |
_atext _btxt _2rdacontent |
||
| 337 |
_asense mediació _bn _2rdamedia |
||
| 338 |
_avolum _bnc _2rdacarrier |
||
| 504 | _aReferències bibliogràfiques. Índex | ||
| 650 | 7 |
_aNacionalisme _zCatalunya _2lemac _962701 |
|
| 651 | 7 |
_aCatalunya _xPolítica i govern _y1975- _2lemac _942539 |
|
| 651 | 7 |
_aCatalunya _xHistòria _y1975- _2lemac _962170 |
|
| 908 | _aBAB | ||
| 940 | _aBAB | ||
| 942 |
_2udc _cLIB _04 |
||